Statistics for LeBron James Trivia

Click here to take the quiz!

General Stats

  • This quiz has been taken 88,382 times
    (5,920 since last reset)
  • The average score is 18 of 29

Answer Stats

Question Answer % Correct
NBA Teams he has played forCleveland Cavaliers
98%
NBA Teams he has played forMiami Heat
98%
NBA Teams he has played forLos Angeles Lakers
98%
His nickname{King} James
94%
Big Three - MiamiDwyane Wade
87%
Only players ranked ahead of LeBron in ESPN #100Michael Jordan
85%
State he is fromOhio
84%
Big Three - MiamiChris Bosh
84%
Big Three - ClevelandKyrie Irving
83%
Big Three - ClevelandKevin Love
80%
Only players ranked ahead of LeBron in ESPN #100Kareem Abdul-Jabbar
72%
City he is fromAkron
72%
Substance he tosses in the air before gamesChalk
70%
Player who was drafted #3Carmelo Anthony
69%
Quote: I'm taking my talents to _____ _____South Beach
66%
NBA coachesTyronn Lue
59%
Name for the 2010 event where he changed teamsThe {Decision}
58%
High school that he played forSt. Vincent - St. Mary
55%
Player who said he is "tired of being second"
to LeBron
Kevin Durant
48%
NBA coachesLuke Walton
43%
What is tattooed across his back{Chosen} 1
43%
Player who was drafted #2 - just after LeBronDarko Miličić
43%
English Premier League team he owns part ofLiverpool F.C.
43%
NBA coachesErik Spoelstra
41%
NBA coachesFrank Vogel
36%
NBA coachesDavid Blatt
26%
NBA coachesMike Brown
25%
NBA coachesBrendan Malone
10%
NBA coachesPaul Silas
8%

Score Distribution

Percentile by Number Answered

Percent of People with Each Score

Your Score History

You have not taken this quiz since the last reset